| 000 | 00572cam a22002294a 4500 | ||
|---|---|---|---|
| 999 |
_c150167 _d150167 |
||
| 003 | UPN | ||
| 005 | 20211005203424.0 | ||
| 008 | 101007s2004 es r 000 j spa d | ||
| 020 | _a8474267153 | ||
| 035 | _aUPN01000178064 | ||
| 040 |
_aUPN _bspa _cUPN |
||
| 049 | _aCG | ||
| 050 | 4 |
_aPQ7390 H5 _bF4.7 |
|
| 100 | 1 | _aHiriart, Rosario | |
| 245 | 1 | 0 |
_aFetiches cubanos / _cRosario Hiriart. |
| 260 |
_aBarcelona, Esp. : _bIcaria, _c2004. |
||
| 300 | _a126 p. | ||
| 490 | 0 |
_aLiteraria ; _v45 |
|
| 650 | 4 |
_aCUENTOS CUBANOS _95073 |
|
| 905 | _aLibro | ||
| 942 |
_2lcc _cLIBRO |
||